| 000 | 01567cam a22003735a 4500 | ||
|---|---|---|---|
| 001 | L157719 | ||
| 008 | 130410s2013 xxk f 001 0 eng d | ||
| 020 | _a9780199662517 | ||
| 035 | _a(Sirsi) u157719 | ||
| 041 | 0 | _aeng | |
| 050 | 0 | 4 | _a346.410434 $2 18 |
| 100 | 1 | _aGarner, Simon | |
| 245 | 0 | 2 | _aA practical approach to landlord and tenant |
| 250 | _a7th ed. | ||
| 260 |
_aOxford _bOUP _c2013 |
||
| 300 |
_alxii, 641p. _c25cm. |
||
| 520 | _aProvides a systematic guide to the principles and practice of land and property law, with practical advice and tips on issues likely to arise in practice. Covers the basics of landlord and tenant law and gives detailed treatment for both the common law and the statutory codes. Explains and analyses diverse areas such as leases, tenancy, assignment and subletting, agricultural holdings, business tenancies, and eviction. Includes up to date case law and various statutory codes applying to both residential and business tenancies. | ||
| 520 | _aSupersedes sixth edition (ISBN 9780199589197)). | ||
| 521 | _aAdvanced. | ||
| 590 | _aKA | ||
| 650 | 2 | 4 | _aRENT ACT 1977 |
| 650 | 2 | 4 | _aHOUSING ACT 1988 |
| 650 | 2 | 4 | _aHOUSING ACT 1985 |
| 650 | 2 | 4 | _aLANDLORD AND TENANT ACT 1987 |
| 650 | 2 | 4 | _aLEASEHOLD REFORM ACT 1967 |
| 650 | 2 | 4 | _aLANDLORD AND TENANT ACT 1954 |
| 650 | 2 | 4 | _aLOCALISM ACT 2011 |
| 651 | 4 |
_aEngland and Wales _y1543- |
|
| 690 |
_aLandlord and tenant _96252 |
||
| 690 |
_aResidential property _96266 |
||
| 690 |
_aCommercial property _96227 |
||
| 700 | 1 | _aFrith, Alexandra | |
| 942 | _n0 | ||
| 999 |
_c114933 _d114933 |
||